00703 2200169 4500245004200000020001800042250001100060100001900071650001700090005001900107260004200126041001400168084001100182300002300193500030800216336000900524 aHome Sweet LoancAlmira BastarihText a9786020658049 aCet. 3 aAlmira Bastari aNovel Remaja a20240115141102 aJakartabGramedia Pustaka Utamac2023 aIndonesia a808.83 a312 hlm. :c20 cm. aEmpat orang yang berteman sejak SMA bekerj di perusahaan yang sama meski beda nasib. Di usia 31 tahun, mereka berburu rumah idaman yang minimal ... neyerempet Jakarta. Apakah keempat sahabat ini berhasil menemukan rumah yang mampu mereka cicil? Dan apakah Kaluna bisa membentuk keluarga yang ia impikan? atext